History Quiz

Random History or War Quiz

Presidents Who Were Generals Quiz Stats

 Plays Quiz Updated Aug 6, 2017

Support Sporcle.
Go Orange.
Score 0/12 Timer 03:00
1 Play Today
President % Correct
George Washington
98%
Dwight D. Eisenhower
94.8%
Ulysses S. Grant
94.8%
Andrew Jackson
87%
Zachary Taylor
74.2%
William Henry Harrison
71.9%
Benjamin Harrison
71.8%
Andrew Johnson
70.9%
Franklin Pierce
61.6%
James Garfield
61.2%
Rutherford B. Hayes
60.6%
Chester A. Arthur
57.2%

You're not logged in!

Compare scores with friends on all Sporcle quizzes.
OR
Log In
Forgot?

From the Vault

'UVWXYZ' Countries by Length

by sproutcm

Not by length of a Monarch's rule.
Remove Ads.
Support Sporcle.
Get the best of Sporcle when you Go Orange. This ad-free experience offers more features, more stats, and more fun while also helping to support Sporcle. Thank you for becoming a member.

Show Comments

Extras

Top Quizzes Today


Score Distribution

Your Account Isn't Verified!

In order to create a playlist on Sporcle, you need to verify the email address you used during registration. Go to your Sporcle Settings to finish the process.

Report this User

Report this user for behavior that violates our Community Guidelines.

Details: